000 00726nam a2200205 i 4500
001 114813
003 ES-MaACL
005 20250930063116.0
007 t|
008 070330s1907 sp ||||1| spa d
100 1 _aOrtiz del Barco, Juan,
_d1859-1914
_987611
245 1 3 _aEl escribano Peña y un Ministro de Marina /
_cJuan Ortiz del Barco [seud.].
260 _aSan Fernando :
_b[s.n.],
_c1907.
300 _a62 p. :
_bretr. ;
_c23 cm.
490 1 _aCrónicas motrileñas
500 _aEn port.:"esta crónica la imprimió mi hijo Antonio... bajo la dirección de... D. Salvador Jiménez de Castro"
830 0 _aCrónicas motrileñas
_9185782
852 _aES-MaACL
_jT-1159-F-3
999 _c114813
_d114813